Middle Eastern Country Shapes - Statistics

General Stats
  • This quiz has been taken 55 times
  • The average score is 9 of 11
Answer Stats
Picture Answer % Correct
Cyprus
98%
Israel
95%
Iraq
88%
Turkey
88%
Iran
85%
Jordan
85%
Lebanon
85%
Syria
80%
Azerbaijan
75%
Georgia
75%
Armenia
73%
No matching quizzes found
Score Distribution
Percent of People with Each Score
Percentile by Number Answered
Your Score History
You have not taken this quiz